000 00470cam a2200181ua 4500
020 _c295.00
041 _aeng
_h
082 _a546
_bSAR/GE
100 _aSarkar, R .
245 _aGeneral and Inorganic chemistry (part one) /
_cR. Sarkar.
_hTextual Documents
260 _aKolkata :
_bNew Central Book Agency(P) Ltd. ,
_c2007.
300 _a ; .
365 _a295.00
504 _a
700 1 _aSaha, Nityananda .
942 _cBK
999 _c13429
_d13429